#1 Hits of the 1970s - Statistics

General Stats
  • This quiz has been taken 84,746 times
  • The average score is 50 of 169
Answer Stats
#1's Artist % Correct
1 M
91%
1 Elton John and Kiki Dee
88%
9 Bee Gees
87%
5 Elton John
87%
2 The Beatles
86%
2 Michael Jackson
85%
1 Terry Jacks
82%
5 Eagles
81%
1 ABBA
79%
1 Robert John
77%
3 The Rolling Stones
72%
1 Carly Simon
71%
1 Paul Simon
69%
4 The Jackson 5
68%
1 Blondie
65%
5 Stevie Wonder
65%
3 Rod Stewart
64%
2 Marvin Gaye
62%
1 Barbra Streisand and Donna Summer
61%
1 John Travolta and Olivia Newton-John
61%
1 Barbra Streisand and Neil Diamond
56%
1 Simon & Garfunkel
56%
2 Chic
55%
1 Gloria Gaynor
55%
5 Wings
55%
1 Don McLean
54%
3 Donna Summer
53%
3 Cher
52%
2 Olivia Newton-John
51%
4 John Denver
50%
2 George Harrison
49%
1 Paul McCartney and Linda McCartney
49%
1 Eric Clapton
48%
3 Barry Manilow
47%
4 Diana Ross
47%
1 Manfred Mann's Earth Band
47%
2 America
46%
1 Amii Stewart
46%
3 The Carpenters
46%
2 Barbra Streisand
45%
1 John Lennon
45%
2 Neil Diamond
43%
2 Steve Miller Band
42%
1 The Knack
42%
2 Ringo Starr
40%
1 Fleetwood Mac
39%
1 Janis Joplin
39%
1 Neil Young
38%
1 Chicago
37%
1 Edwin Starr
37%
2 Frankie Valli
37%
3 Roberta Flack
37%
2 Glen Campbell
36%
4 KC and the Sunshine Band
36%
2 Commodores
35%
1 Hamilton, Joe Frank & Reynolds
35%
2 Jim Croce
34%
1 Hall and Oates
33%
2 The Doobie Brothers
32%
1 David Bowie
31%
1 Johnny Mathis and Deniece Williams
31%
1 The Four Seasons
31%
1 Gladys Knight & the Pips
30%
1 Barry White
29%
1 Billy Paul
29%
1 Chuck Berry
29%
3 Dawn
29%
1 Smokey Robinson & the Miracles
29%
2 The Temptations
29%
3 Three Dog Night
29%
1 Carole King
28%
1 James Taylor
28%
1 Al Green
27%
1 Bachman-Turner Overdrive
27%
1 Captain & Tennille
27%
1 Earth, Wind & Fire
27%
1 Rupert Holmes
27%
1 Styx
27%
2 The Miracles
26%
3 Andy Gibb
25%
2 Leo Sayer
25%
2 Sly & the Family Stone
25%
1 Bill Withers
24%
1 Charlie Rich
24%
3 Helen Reddy
24%
2 Ray Stevens
24%
1 Carl Douglas
23%
1 Johnnie Taylor
23%
1 The Guess Who
23%
2 Neil Sedaka
22%
1 Harry Chapin
21%
1 Isaac Hayes
21%
1 Peaches & Herb
21%
1 Sammy Davis Jr.
21%
1 Marilyn McCoo and Billy Davis, Jr.
20%
1 Wild Cherry
20%
2 B.J. Thomas
19%
1 Donny Osmond
19%
1 LaBelle
19%
1 Mac Davis
19%
1 Nilsson
19%
1 The Osmonds
19%
1 Anita Ward
18%
1 Debby Boone
18%
1 Rose Royce
18%
1 Bread
17%
2 Grand Funk
17%
1 Linda Ronstadt
17%
1 The Partridge Family
17%
1 Gilbert O'Sullivan
16%
1 Shaun Cassidy
16%
1 The O'Jays
16%
1 Bay City Rollers
15%
1 Blue Swede
15%
1 David Soul
15%
1 Gordon Lightfoot
15%
1 Paper Lace
15%
1 Paul Anka and Odia Coates
15%
1 Thelma Houston
15%
1 Dionne Warwick and Spinners
14%
1 Johnny Nash
14%
1 Anne Murray
13%
1 Looking Glass
13%
1 Melanie
13%
1 Minnie Riperton
13%
1 Player
12%
1 Shocking Blue
12%
1 Starland Vocal Band
12%
1 The Average White Band
12%
1 The Edgar Winter Group
12%
1 Bellamy Brothers
11%
2 Billy Preston
11%
1 Exile
11%
2 Ohio Players
11%
1 Rick Dees and His Cast of Idiots
11%
1 Van McCoy and the Soul City Symphony
11%
1 Vicki Lawrence
11%
1 Yvonne Elliman
11%
1 Andy Kim
10%
1 C.W. McCall
10%
1 Herb Alpert
10%
1 Hues Corporation
10%
1 Freddy Fender
9%
1 George McCrae
9%
1 Nick Gilder
9%
1 A Taste of Honey
8%
1 Bill Conti
8%
1 John Sebastian
8%
1 The Chi-Lites
8%
1 The Emotions
8%
1 The Raiders
8%
1 Billy Swan
7%
1 Maureen McGovern
7%
2 The Staple Singers
7%
1 Al Wilson
6%
1 Mary MacGregor
6%
1 Meco
6%
1 MFSB and the Three Degrees
6%
1 Silver Convention
6%
1 The Manhattans
6%
1 Bo Donaldson and the Heywoods
5%
1 Eddie Kendricks
5%
1 Love Unlimited Orchestra
5%
1 The Sylvers
5%
1 Walter Murphy and the Big Apple Band
5%
1 Alan O'Day
4%
1 Stories
4%
1 Rhythm Heritage
3%
1 The Honey Cone
3%
No matching quizzes found
Score Distribution
Percent of People with Each Score
Percentile by Number Answered
Your Score History
You have not taken this quiz